000 00332 a2200157 4500
001 172026
020 _a
040 _cMagnum
100 _aLadeira, Julieta de Godoy
240 1 0 _aRecife dos holandeses
_lpor
245 1 0 _aRecife dos holandeses
362 0 _a1899
440 1 _aÁtica
697 _aPARADIDATICO
942 _cBK
999 _c172026
_d172026